| 000 | 00923nam0a2200289 4500 | ||
|---|---|---|---|
| 001 | RU\NLR\bibl\84807 | ||
| 005 | 20250616105850.0 | ||
| 010 |
_a5-88425-072-Х _9200 |
||
| 021 |
_aRU _b1999-49322 _92449 |
||
| 035 | _a(NLR Aleph) 000082823 | ||
| 090 |
_a461840 _c461840 |
||
| 100 | _a20000510d1999 |||y0rusy50 ca | ||
| 101 | 0 | _arus | |
| 102 | _aRU | ||
| 105 | _aac ||||||||| | ||
| 200 | 1 |
_aАнтресоль _eНевыдум. рассказы _fНадежда Яньшина |
|
| 210 |
_aНовокуйбышевск _aЕкатеринбург _cИзд. газ. "Штерн" _d1999 |
||
| 215 |
_a59 с. _cил., портр. _d20 |
||
| 686 | _aШ6(2=Р)75-440.5 | ||
| 700 | 1 |
_aЯньшина _bН. И. _gНадежда Ильинична _4070 |
|
| 801 | 0 |
_aRU _bNLR _c20000510 _gPSBO |
|
| 801 | 1 |
_aRU _bNLR _c20000510 |
|
| 852 |
_aNLR _j2000-4/1228 |
||
| 942 | _cBOOK | ||
| 980 | _aNB | ||